Stanovenie obsahu aflatoxínu M1 v mliečnych výrobkoch použitím rôznych metód extrakcie

Gespeichert in:
Bibliographische Detailangaben
1. Verfasser: Vinohradská, Emma (Verfasst von)
Weitere Verfasser: Kolarič, Lukáš (Betreuung Doktorarbeit)
Format: Manuskript Buch
Sprache:Slowakisch
Veröffentlicht: 2024
Schlagworte:
Online-Zugang:http://is.stuba.sk/zp/portal_zp.pl?podrobnosti=177022
Tags: Tag hinzufügen
Keine Tags, Fügen Sie das erste Tag hinzu!

MARC

LEADER 00000ntm a22000003a 4500
001 stuzp99216
003 SK-STU
005 20240601210526.1
007 ta
008 150427s2015----xo-----f-mn---000-0-slo-d
040 |a STU  |b slo 
041 0 |a slo 
100 1 |a Vinohradská, Emma  |u 040250  |4 aut  |U FCHPT Ústav potravinárstva a výživy  |T FCHPT Oddelenie potravinárskej technológie  |X 104155  |U C0250  |Y 685  |7 104155 
242 0 1 |a Determination of aflatoxin M1 content in dairy products using different extraction techniques  |y eng 
245 1 0 |a Stanovenie obsahu aflatoxínu M1 v mliečnych výrobkoch použitím rôznych metód extrakcie 
260 |c 2024 
650 4 |a syry  |2 slo 
650 4 |a HPLC-FLD  |2 slo 
650 4 |a imunoafinitná extrakcia  |2 slo 
650 4 |a validácia  |2 slo 
650 4 |a aflatoxín M1  |2 slo 
650 4 |a cheese  |2 eng 
650 4 |a HPLC-FLD  |2 eng 
650 4 |a aflatoxin M1  |2 eng 
650 4 |a immunoaffinity extraction  |2 eng 
650 4 |a validation  |2 eng 
700 1 |a Kolarič, Lukáš  |u 040250  |k Z1  |4 ths  |U FCHPT Ústav potravinárstva a výživy  |T FCHPT Oddelenie potravinárskej technológie  |X 63720  |U C0250  |Y 685  |7 63720 
856 4 |u http://is.stuba.sk/zp/portal_zp.pl?podrobnosti=177022